000 00410nam a22001697a 4500
005 20160524141115.0
008 160524b xxu||||| |||| 00| 0 eng d
020 _a81-7554-291-8
041 _aeng
082 _b4624
100 _aKapterer, Jean Noel
_91117
245 _aThe new stragic Brand Mgt.
260 _aNew Delhi
_bAcademic Faundation
300 _a483
650 _aManagement
_9241
942 _cBK
999 _c1560
_d1559